|
|
|
|
| LEADER |
01310nam a2200349Ia 4500 |
| 001 |
EBC1608275 |
| 003 |
MiAaPQ |
| 005 |
20200520144314.0 |
| 006 |
m o d | |
| 007 |
cr cn||||||||| |
| 008 |
041202s2009 dcu sb i000 0 eng d |
| 035 |
|
|
|a (MiAaPQ)EBC1608275
|
| 035 |
|
|
|a (Au-PeEL)EBL1608275
|
| 035 |
|
|
|a (CaPaEBR)ebr10368657
|
| 035 |
|
|
|a (OCoLC)870245333
|
| 040 |
|
|
|a MiAaPQ
|c MiAaPQ
|d MiAaPQ
|
| 050 |
|
4 |
|a HC60
|b .C43 2009
|
| 100 |
1 |
|
|a Chami, Ralph.
|
| 245 |
1 |
0 |
|a Remittances
|h [electronic resource] :
|b an automatic output stabilizer? /
|c prepared by Ralph Chami, Dalia Hakura, and Peter Montiel.
|
| 260 |
|
|
|a [Washington D.C.] :
|b International Monetary Fund,
|c 2009.
|
| 300 |
|
|
|a 31 p.
|
| 490 |
1 |
|
|a IMF working paper ;
|v WP/09/91
|
| 504 |
|
|
|a Includes bibliographical references.
|
| 533 |
|
|
|a Electronic reproduction. Ann Arbor, MI : ProQuest, 2015. Available via World Wide Web. Access may be limited to ProQuest affiliated libraries.
|
| 650 |
|
0 |
|a Economic assistance.
|
| 650 |
|
0 |
|a Economic development.
|
| 655 |
|
4 |
|a Electronic books.
|
| 700 |
1 |
|
|a Hakura, Dalia S.
|
| 700 |
1 |
|
|a Montiel, Peter.
|
| 710 |
2 |
|
|a ProQuest (Firm)
|
| 830 |
|
0 |
|a IMF working paper ;
|v WP/09/91.
|
| 856 |
4 |
0 |
|u https://ebookcentral.proquest.com/lib/matrademy/detail.action?docID=1608275
|z Click to View
|